Steph Curry Quiz - Statistics

General Stats
  • This quiz has been taken 21 times
  • The average score is 13 of 19
Answer Stats
Hint Answer % Correct
Finals MVPs 1
100%
MVPs 2
100%
Rings 4
100%
Current Team Warriors
100%
Career High 62
94%
Father Dell Curry
94%
Wife Ayesha Curry
89%
Brother in NBA Seth Curry
89%
Birthplace Akron, Ohio
83%
Star Rating out of Highschool 3
78%
3pt % in college 41
78%
College Team Davidson
78%
1st Born Kid Riley Curry
61%
College Team Name Wildcats
50%
Longest made Shot (ft) 75
28%
opposing team in debut Houston Rockets
28%
Highschool Team Name Knights
22%
ROTY over Curry Tyreke Evans
22%
Dream School (College) Virginia Tech
22%
No matching quizzes found
Score Distribution
Percent of People with Each Score
Percentile by Number Answered
Your Score History
You have not taken this quiz